Integrated agriculture-aquaculture A primer

Guardado en:
Detalles Bibliográficos
Autor principal: Integrated agriculture-aquaculture
Formato: Libro
Lenguaje:Undetermined
Publicado: Rome, Italy FAO 2001
Materias:
Etiquetas: Agregar Etiqueta
Sin Etiquetas, Sea el primero en etiquetar este registro!
Thư viện lưu trữ: Trung tâm Học liệu Trường Đại học Cần Thơ
LEADER 00565nam a2200181Ia 4500
001 CTU_47864
008 210402s9999 xx 000 0 und d
082 |a 338.16 
082 |b I.61 
100 |a Integrated agriculture-aquaculture 
245 0 |a Integrated agriculture-aquaculture 
245 2 |b A primer 
260 |a Rome, Italy 
260 |b FAO 
260 |c 2001 
650 |a integrated agricultural systems,rural development,agricultural innovation 
904 |i Nguyễn Quang Điền, 010911 
980 |a Trung tâm Học liệu Trường Đại học Cần Thơ